| 000 -LEADER |
| fixed length control field |
01552cam a22004335i 4500 |
| 001 - CONTROL NUMBER |
| control field |
20358691 |
| 003 - CONTROL NUMBER IDENTIFIER |
| control field |
NUST |
| 005 - DATE AND TIME OF LATEST TRANSACTION |
| control field |
20181031045140.0 |
| 008 - FIXED-LENGTH DATA ELEMENTS--GENERAL INFORMATION |
| fixed length control field |
171107s2018 ii ab 000 0 eng d |
| 010 ## - LIBRARY OF CONGRESS CONTROL NUMBER |
| LC control number |
2017350818 |
| 020 ## - INTERNATIONAL STANDARD BOOK NUMBER |
| International Standard Book Number |
8170021219 |
| 020 ## - INTERNATIONAL STANDARD BOOK NUMBER |
| International Standard Book Number |
9788170021216 |
| 025 ## - OVERSEAS ACQUISITION NUMBER |
| Overseas acquisition number |
I-E-2017350818 |
| 035 ## - SYSTEM CONTROL NUMBER |
| System control number |
(OCoLC)on1011351890 |
| 035 ## - SYSTEM CONTROL NUMBER |
| System control number |
(OCoLC)1011351890 |
| 037 ## - SOURCE OF ACQUISITION |
| Source of stock number/acquisition |
Library of Congress -- New Delhi Overseas Office |
| 038 ## - RECORD CONTENT LICENSOR |
| Staff Name |
WASEEM |
| 040 ## - CATALOGING SOURCE |
| Original cataloging agency |
LOA |
| Language of cataloging |
eng |
| Transcribing agency |
LOA |
| Modifying agency |
OCLCO |
| -- |
DKAGE |
| -- |
DLC |
| Description conventions |
rda |
| 042 ## - AUTHENTICATION CODE |
| Authentication code |
lccopycat |
| -- |
lcode |
| 050 #4 - LIBRARY OF CONGRESS CALL NUMBER |
| Classification number |
BL2018.367.P18 |
| Item number |
A43 2018 |
| 082 04 - DEWEY DECIMAL CLASSIFICATION NUMBER |
| Classification number |
954.91 |
| Author Mark |
AMA |
| 100 0# - MAIN ENTRY--PERSONAL NAME |
| Personal name |
Amardeep Singh, |
| Dates associated with a name |
1966- |
| Relator term |
author, |
| -- |
photographer. |
| 9 (RLIN) |
12524 |
| 245 14 - TITLE STATEMENT |
| Title |
The quest continues : |
| Remainder of title |
lost heritage : the Sikh legacy in Pakistan / |
| Statement of responsibility, etc. |
text and photographs, Amardeep Singh. |
| 264 #1 - PRODUCTION, PUBLICATION, DISTRIBUTION, MANUFACTURE, AND COPYRIGHT NOTICE |
| Place of production, publication, distribution, manufacture |
New Delhi : |
| Name of producer, publisher, distributor, manufacturer |
Himalayan Books, |
| Date of production, publication, distribution, manufacture, or copyright notice |
2018. |
| 300 ## - PHYSICAL DESCRIPTION |
| Extent |
xiii, 481 pages : |
| Other physical details |
colour illustrations, colour maps ; |
| Dimensions |
32 cm |
| 336 ## - CONTENT TYPE |
| Content type term |
text |
| Content type code |
txt |
| Source |
rdacontent |
| 336 ## - CONTENT TYPE |
| Content type term |
still image |
| Content type code |
sti |
| Source |
rdacontent |
| 337 ## - MEDIA TYPE |
| Media type term |
unmediated |
| Media type code |
n |
| Source |
rdamedia |
| 338 ## - CARRIER TYPE |
| Carrier type term |
volume |
| Carrier type code |
nc |
| Source |
rdacarrier |
| 600 00 - SUBJECT ADDED ENTRY--PERSONAL NAME |
| Personal name |
Amardeep Singh, |
| Dates associated with a name |
1966- |
| General subdivision |
Travel |
| Geographic subdivision |
Pakistan. |
| 9 (RLIN) |
12525 |
| 650 #0 - SUBJECT ADDED ENTRY--TOPICAL TERM |
| Topical term or geographic name entry element |
Sikh temples |
| Geographic subdivision |
Pakistan. |
| 9 (RLIN) |
6450 |
| 650 #0 - SUBJECT ADDED ENTRY--TOPICAL TERM |
| Topical term or geographic name entry element |
Sikh temples |
| Geographic subdivision |
Pakistan |
| Form subdivision |
Pictorial works. |
| 9 (RLIN) |
6451 |
| 650 #0 - SUBJECT ADDED ENTRY--TOPICAL TERM |
| Topical term or geographic name entry element |
Sikh shrines |
| Geographic subdivision |
Pakistan. |
| 9 (RLIN) |
12526 |
| 650 #0 - SUBJECT ADDED ENTRY--TOPICAL TERM |
| Topical term or geographic name entry element |
Sikh shrines |
| Geographic subdivision |
Pakistan |
| Form subdivision |
Pictorial works. |
| 9 (RLIN) |
12527 |
| 650 #0 - SUBJECT ADDED ENTRY--TOPICAL TERM |
| Topical term or geographic name entry element |
Sikhs |
| Geographic subdivision |
Pakistan |
| General subdivision |
History. |
| 9 (RLIN) |
12528 |
| 906 ## - LOCAL DATA ELEMENT F, LDF (RLIN) |
| a |
7 |
| b |
par |
| c |
copycat |
| d |
3 |
| e |
ncip |
| f |
20 |
| g |
y-gencatlg |
| 942 ## - ADDED ENTRY ELEMENTS (KOHA) |
| Source of classification or shelving scheme |
|
| Koha item type |
Book |